00255nam a2200109Ia 4500008004100000245003500041260001600076440000600092521002300098942000700121999001700128140130s9999 xx 000 0 und d cWachtel, RogeraMedal of honor bScholastic, v1 aGrade 7 - Grade 12 cBK c41341d41341